Dievča s košom rajčín

Bibliographic Details
Main Author: Price, Sarah (Author)
Other Authors: Mitanová, Naďa, 1970- (Translator)
Format: Book
Language:Slovak
English
PhysicalDescription:80 s. 20 cm
Published: [Podolínec] i527.net 2013
ISBN:9788097144814
Edition:1. slov. vyd.
Subjects:

MARC

LEADER 00000nam a2200000 a 4500
001 vtls010566674
003 SK-MaSNL
005 20260302021430.0
008 240318s2013 xo c 000 j slo
015 |a SNBA2015/02 
020 |a 9788097144814  |q (brož.) 
035 |a 82F64A11-1A04-4186-94BA-929DE949ADF3 
035 |a urn:nbn:sk:snk-amjo8v 
035 |a urn:nbn:sk:snk-am002gby 
040 |a SNK  |b slo  |c SNK  |e AACR2 
041 1 |a slo  |h eng 
044 |a xo  |c SK 
072 7 |a 821.111(73)-3  |x Americká próza  |2 konspekt 
072 7 |a 821-93  |x Literatúra pre deti a mládež (beletria)  |2 konspekt 
080 |a 276-726.6  |2 2001 
080 |a 821-93  |2 2001 
080 |a 821.111(73)-32  |2 2001 
100 1 |a Price, Sarah  |4 aut  |9 665668 
240 1 0 |a Tomato Patch  |l Slovensky 
245 1 0 |a Dievča s košom rajčín  |c Sarah Priceová ; [z anglického originálu preložila Naďa Mitanová] 
250 |a 1. slov. vyd. 
260 |a [Podolínec]  |b i527.net  |c 2013 
300 |a 80 s.  |c 20 cm 
500 |a Prvá kniha amišskej série Efrata 
500 |a Miesto vydania podľa ISBN 
650 0 7 |a amiši  |2 SNKPH  |9 665669 
650 0 7 |a Amishes  |2 SNKPHeng  |9 665670 
655 7 |a americké novely  |2 SNKPH  |9 70479 
655 7 |a American novellas  |2 SNKPHeng  |9 331992 
655 7 |a Children's literature  |2 SNKPHeng  |9 276039 
655 7 |a publikácie pre deti  |2 SNKPH  |9 70148 
700 1 |a Mitanová, Naďa,  |d 1970-  |4 trl  |9 48072 
919 |a 978-80-971448-1-4 
958 |a LX 
958 |a DB 
958 |a UP 
968 |b ENG 
999 |c 1028907  |d 1030837 
952 |a SNK  |b SNK  |y PREZ  |7 0  |p 17A1135244  |o snkSD 83869  |i snk2015/1814  |8 0  |0 0  |1 0  |4 0  |d 2015-01-21  |f 1  |l 0  |r 2017-06-30 00:00:00  |w 2026-02-24 
952 |a SNK  |b SNK  |y VYP  |7 0  |p 17A1135245  |o snkSD 83869 D1  |i snk2015/1815  |8 0  |0 0  |1 0  |4 0  |d 2015-01-21  |l 0  |r 2017-06-30 00:00:00  |w 2026-02-24